Library Banner

مزید گنجے فرشتے (Record no. 80656)

MARC details
000 -LEADER
fixed length control field 00444nam a22001577a 4500
005 - DATE AND TIME OF LATEST TRANSACTION
control field 20151207151304.0
008 - FIXED-LENGTH DATA ELEMENTS--GENERAL INFORMATION
fixed length control field 151207b xxu||||| |||| 00| 0 eng d
020 ## - INTERNATIONAL STANDARD BOOK NUMBER
International Standard Book Number 9798443037
040 ## - CATALOGING SOURCE
Transcribing agency PK-LaUMT
082 ## - DEWEY DECIMAL CLASSIFICATION NUMBER
Classification number MSC 928.91439
Item number ATT-M
100 ## - MAIN ENTRY--PERSONAL NAME
Personal name عطاالحق قاسمی
245 ## - TITLE STATEMENT
Title مزید گنجے فرشتے
Statement of responsibility, etc عطاالحق قاسمی
260 ## - PUBLICATION, DISTRIBUTION, ETC. (IMPRINT)
Place of publication, distribution, etc لاہور
Name of publisher, distributor, etc شفیق پبلیکیشنز
Date of publication, distribution, etc 1999
300 ## - PHYSICAL DESCRIPTION
Extent 271 ص
942 ## - ADDED ENTRY ELEMENTS (KOHA)
Koha item type Books
Holdings
Withdrawn status Lost status Damaged status Home library Current library Date acquired Full call number Barcode Date last seen Price effective from Koha item type
      UMT Main Campus UMT Main Campus 2015-12-07 MSC 928.91439 ATT-M 95442 2015-12-07 2015-12-07 Books